Statistics for Every Pop Tart Flavor Ever

Click here to take the quiz!

General Stats

  • This quiz has been taken 18 times
  • The average score is 9 of 63

Answer Stats

Frosting ColorAnswer% Correct
WhiteStrawberry
100%
WhiteBlueberry
83%
PinkCherry
58%
BrownS'mores
58%
WhiteRaspberry
50%
Light BrownBrown Sugar Cinnamon
42%
Pumpkin PiePumpkin Pie
42%
PurpleWildberry
42%
Dutch AppleDutch Apple
33%
NoneApple Cinnamon
25%
NoneChocolate Chip
25%
BrownChocolate Fudge
25%
White & TattooSugar Cookie
25%
WhiteCookies & Creme
17%
WhiteHot Fudge Sundae
17%
White and OrangeOrange Cream
17%
White and OrangeOrange Crush
17%
Light BrownPeanut Butter
17%
White and PinkStrawberry Milkshake
17%
NoneUnfrosted Blueberry
17%
NoneUnfrosted Cherry
17%
NoneUnfrosted Strawberry
17%
WhiteA&W Root Beer
8%
NoneAmerican Apple Pie
8%
BlueAmerican Summer
8%
WhiteBlue Raspberry
8%
BrownChocolate Peanut Butter
8%
PinkChocolatey Strawberry
8%
NoneGingerbread
8%
BrownPeanut Butter & Jelly
8%
YellowPokemon
8%
BlueRed White and Berry
8%
NoneUnfrosted Brown Sugar Cinnamon
8%
Light BrownVanilla Latte
8%
WhiteVanilla Milkshake
8%
Bright RedWatermelon
8%
BrownWild Grape
8%
PurpleWild Strawberry
8%
NoneApple Cinnamon Muffin
0%
NoneApple Strudel
0%
WhiteBlueberry Muffin
0%
NoneCherry Turnover
0%
OrangeChoc-O-Lantern Frosted Chocolate Fudge
0%
WhiteChocolate Banana Split
0%
BrownChocolate Chip Cookie Dough
0%
WhiteChocolate Mocha
0%
BrownFrosted Caramel Chocolate
0%
White and BrownFrosted Chocolate Vanilla
0%
WhiteFrosted Double Berry
0%
BrownHot Chocolate
0%
BlueIce-Berry
0%
WhiteIce Cream Sandwich
0%
WhiteMaple Bacon
0%
NoneMapley Brown Sugar
0%
Light BrownMarshmallow Hot Chocolate
0%
WhiteMint Chocolate Chip
0%
NoneRainbow Cookie Sandwich
0%
WhiteRed Velvet
0%
WhiteSpring Berry
0%
White and RedStrawberry Blueberry
0%
NoneStrawberry Cheese Danish
0%
PinkStrawberry Oatmeal
0%
BrownVanilla I-Scream Cone
0%

Score Distribution

Percentile by Number Answered

Percent of People with Each Score

Your Score History

You have not taken this quiz